[Event "1st 4NCL Easter Congress"]
[Site "Stevenage"]
[Date "2019.04.22"]
[Round "6"]
[Board "18"]
[White "Singha, Swati"]
[Black "Stephenson, David W"]
[Result "0-1"]
[WhiteElo "1427"]
[BlackElo "1829"]
[PlyCount "72"]
[EventDate "2019.04.19"]
[EventRounds "7"]
[EventCountry "ENG"]

1. e4 e6 2. Nf3 d5 3. exd5 exd5 4. d4 Bd6 5. Nc3 c6 6. Bd3 Ne7 7. Qe2 Bg4 8. h3
Bxf3 9. Qxf3 Nd7 10. Qg4 O-O 11. Bh6 Ng6 12. Bxg6 hxg6 13. Be3 f5 14. Qxg6 Rf6
15. Qh5 f4 16. Bd2 Re6+ 17. Kd1 Qf6 18. Ne2 Rae8 19. Re1 Nb6 20. c3 Na4 21. Rb1
g6 22. Qg4 Re4 23. Ng1 Rxe1+ 24. Bxe1 Kg7 25. Kc2 g5 26. Rd1 Nb6 27. Nf3 Qg6+
28. Kc1 Be7 29. g3 fxg3 30. fxg3 Bf6 31. Bd2 Re4 32. Ne5 Bxe5 33. Qf3 Bd6 34.
Rf1 Nc4 35. Bxg5 Qxg5+ 36. Kb1 Nd2+  0-1

[Event "1st 4NCL Easter Congress"]
[Site "Stevenage"]
[Date "2019.04.22"]
[Round "6"]
[Board "19"]
[White "Zhu, Hou Ning"]
[Black "Turner, Sam"]
[Result "0-1"]
[WhiteElo "1475"]
[BlackElo "1645"]
[PlyCount "98"]
[EventDate "2019.04.19"]
[EventRounds "7"]
[EventCountry "ENG"]

1. d4 Nf6 2. Nc3 d5 3. Bf4 g6 4. e3 Bg7 5. Be2 O-O 6. g4 c5 7. h4 Ne4 8. Nxe4
dxe4 9. c3 cxd4 10. exd4 b6 11. Qd2 Bb7 12. Rh3 e5 13. Bh6 exd4 14. cxd4 Bxh6
15. Qxh6 Qxd4 16. Rd1 Qxb2 17. h5 Qg7 18. Qf4 g5 19. Qf5 h6 20. Re3 Na6 21.
Bxa6 Bxa6 22. Qxe4 Rad8 23. Qa4 Rxd1+ 24. Qxd1 Qb2 25. Ne2 Qxa2 26. Nc3 Qc4 27.
Ne2 Qxg4 28. Ng3 Qxd1+ 29. Kxd1 Rd8+ 30. Kc2 Rd7 31. Kc3 Rc7+ 32. Kd4 Bc8 33.
Re8+ Kg7 34. Ne4 Bg4 35. Ke5 Bxh5 36. Kd6 Rc4 37. Kd5 b5 38. Nd6 Bf3+ 39. Ke5
Rc5+ 40. Kd4 Rd5+ 41. Ke3 Rxd6 42. Kxf3 Rb6 43. Ra8 a6 44. Ke4 b4 45. Rc8 b3
46. Rc1 b2 47. Rb1 a5 48. Kd3 a4 49. Kc2 a3  0-1

[Event "1st 4NCL Easter Congress"]
[Site "Stevenage"]
[Date "2019.04.22"]
[Round "6"]
[Board "20"]
[White "Shearsby, Jude"]
[Black "Chiang, Richard"]
[Result "0-1"]
[WhiteElo "1290"]
[BlackElo "1569"]
[PlyCount "182"]
[EventDate "2019.04.19"]
[EventRounds "7"]
[EventCountry "ENG"]

1. d4 d5 2. Bf4 Nf6 3. e3 c5 4. Nc3 Nc6 5. Nb5 Qa5+ 6. c3 e5 7. dxe5 a6 8. Na3
Ne4 9. Ne2 Qd8 10. Nc2 Be7 11. Ng3 Ng5 12. Nh5 O-O 13. Bg3 Bf5 14. f4 Ne4 15.
Bd3 g6 16. Nf6+ Bxf6 17. exf6 Qxf6 18. O-O Rae8 19. Bf2 Nxf2 20. Rxf2 Re7 21.
Rd2 Be6 22. Be2 Rd7 23. Bf3 Rfd8 24. a4 Na5 25. Ra3 Nc4 26. Rf2 Nxa3 27. Nxa3
Bf5 28. g4 Be4 29. Qf1 Bxf3 30. Rxf3 Re8 31. Qh3 Rde7 32. Nc2 Qb6 33. f5 f6 34.
fxg6 hxg6 35. Qh6 Rg7 36. b4 cxb4 37. Nxb4 Qe6 38. h3 Kf7 39. g5 f5 40. Kf2 Kg8
41. Qh4 Qe4 42. Qg3 Rge7 43. Qd6 Re6 44. Qxd5 Qxd5 45. Nxd5 Rc8 46. Ke2 Kf7 47.
Kd3 Re4 48. Kc2 Re5 49. Nf6 Rec5 50. Kb3 b5 51. e4 Ke6 52. exf5+ Rxf5 53. Re3+
Re5 54. Rg3 Rc4 55. Kc2 Kf5 56. Kb3 Re2 57. Nd5 Rh4 58. Nf6 Re6 59. Nd5 Rd6 60.
Ne7+ Kf4 61. Rg1 Rxh3 62. Kb4 Rg3 63. Rxg3 Kxg3 64. Kc5 Re6 65. Nc6 Kf4 66. Nd4
Re3 67. Kb6 Rxc3 68. Ne2+ Kxg5 69. Nxc3 b4 70. Nb1 Kf4 71. Kxa6 g5 72. Kb5 g4
73. Kxb4 g3 74. Nc3 Kf3 75. Nb1 g2 76. Nd2+ Ke2 77. Nc4 g1=Q 78. Kb5 Kd3 79.
Ne5+ Ke4 80. Nc4 Kd5 81. Nb6+ Kd4 82. Kc6 Qc1+ 83. Kb7 Qb2 84. Ka7 Qa3 85. Kb7
Qf8 86. Kc6 Qc5+ 87. Kb7 Qe7+ 88. Ka8 Kc5 89. Nd7+ Kc6 90. Nc5 Kxc5 91. Kb8 Kb6
 0-1